Polyoxometalate chemistry for nano-composite design (Record no. 162864)
[ view plain ]
| 000 -LEADER | |
|---|---|
| fixed length control field | 01316nam a22003254a 4500 |
| 245 00 - TITLE STATEMENT | |
| Title | Polyoxometalate chemistry for nano-composite design |
| 260 ## - PUBLICATION, DISTRIBUTION, ETC. (IMPRINT) | |
| Place of publication | New York : |
| Name of publisher | Kluwer Academic/Plenum Publishers, |
| Year of publication | c2002. |
| 300 ## - PHYSICAL DESCRIPTION | |
| Number of Pages | viii, 235 p. : |
| Other physical details | ill. |
| 490 1# - SERIES STATEMENT | |
| Series statement | Nanostructure science and technology |
| 650 #0 - SUBJECT ADDED ENTRY--TOPICAL TERM | |
| Topical Term | Polyoxometalates. |
| Topical Term | Nanostructured materials. |
| 700 1# - ADDED ENTRY--PERSONAL NAME | |
| Personal name | Yamase, Toshihiro. |
| Personal name | Pope, Michael Thor, |
| 856 40 - ELECTRONIC LOCATION AND ACCESS | |
| Uniform Resource Identifier | http://site.ebrary.com/lib/rucke/Doc?id=10067473 |
No items available.
